| 000 | 01076nas a2200289 4500 | ||
|---|---|---|---|
| 001 | BR8200412 | ||
| 003 | BR-BrBNA | ||
| 005 | 20231205084959.0 | ||
| 007 | ta | ||
| 008 | 230509b bl.|||p| |||| 00| 00por d | ||
| 040 |
_aBR-BrBNA _bpor _cBiblioteca Nacional de Agricultura |
||
| 041 | _a(Pt) | ||
| 072 | _aH20 | ||
| 100 | 1 | _aBastos, C.N. | |
| 100 | 1 | _aAndebrhan, T. | |
| 245 | 1 | _aPresenca de giberelina me basidiosporos de Crinipellis perniciosa (Stahel)Singer [Acido giberelico; Cacau; Theobroma cacao; Vassoura-de-bruxa; Arroz; Oryza sativa] | |
| 246 | 1 | _aPresence of gibberellin in basidiospores of Crinipellis perniciosa (Stahel)Singer [Gibberellic acid; Cocoa; Theobroma cacao; Witche's broom; Rice; Oryza sativa] | |
| 650 | _aDoenca de planta | ||
| 650 | _aCacau | ||
| 650 | _aVassoura-de-bruxa | ||
| 650 | _aArroz | ||
| 650 | _aAcido giberelico | ||
| 650 | _aCromatografia | ||
| 773 | 0 |
_tFitopatologia Brasileira (Brazil) _xISSN 0100-4158 _g(Oct 1981), v. 6(3) p. 417-423 _wBR8200412 |
|
| 909 |
_a202311 _bLúcia _c55 _dLúcia Elande |
||
| 942 |
_2AGRIS _n0 _cANA |
||
| 999 |
_c108510 _d108510 |
||